LEADER 01065nam a2200193 i 4500 001 000000235958 003 CaOOAMICUS 005 20141119000000.0 008 141119s1744 xx u000 u lat u 013 $a214862 026 $a5.0. l-so n-it duil (3) 1744 (R) 040 $aSeMil$bita 245 10$aTomus 13. 300 $a[8], 558, [2] p. 500 $aSegn. : *4 A-2M8. 773 0 $aAlexandre, Noël <1639-1724>$tR. P. Natalis Alexandri ... Historia ecclesiastica Veteris Novique Testamenti, ab orbe condito ad annum post Christum natum millesimum sexcentesimum, & in loca ejusdem insignia dissertationes historicae, chronologicae, criticae, dogmaticae. Tomus 1. [-18.].$dParisiis : Apud Silvanum De Grasortis : Expensis Joannis-Mariae Lazzaroni veneti, 1740-1744.$bEditio omnium novissima, notis & animadversionibus .. Novi Testamenti aucta .. opera et studio Costantini Roncaglia ..$g13$w()30969 850 $aSeMil 852 $aSeMil$W1$xVenegono$y1$m3A IV 13 FA$j186304$B186304$CSeMilBibl$Z2$F197147 $8I 996 $6245$aTomus 13$9(OLS)http://semarc/title/310299 LEADER 01126nam a2200229 i 4500 001 000000032986 003 CaOOAMICUS 005 20180830125450.0 008 180830s1977 it u000 u ita u 040 $aSeMil$bita 100 1 $aTesti, Flavio.$0(OLS)http://semarc/name/15166 245 13$aLa musica italiana nel Medioevo e nel Rinascimento /$cFlavio Testi. 260 $aBusto Arsizio :$bEd. Bramante,$ccopyr. 1977. 300 $a2 v. (883 p.). 500 $aContiene : Bibliografia. - In custodia. 650 4$aMusica - Italia - Storia - Medioevo.$0(OLS)http://semarc/subject/5282 650 4$aMusica - Italia - Storia - Rinascimento.$0(OLS)http://semarc/subject/5283 773 0 $tStoria della musica italiana.$dBusto Arsizio : Ed. Bramante, copyr. 1969-copyr. 1985.$w()32985 774 0 $t[1].$kStoria della musica italiana : da Sant'Ambrogio a noi$w()59111 774 0 $t[2].$kStoria della musica italiana : da Sant'Ambrogio a noi$w()247694 996 $6245$aLa musica italiana nel Medioevo e nel Rinascimento$9(OLS)http://semarc/title/44655 996 $6260$aBusto Arsizio :$bEd. Bramante$9(OLS)http://semarc/publisher/39469